000
00314nam a22001337a 4500
020
_a
978-8123909271
041
_a
ENG
100
_a
Clayton.E.A
245
_a
The Performance And Design of Direct Current Machines
260
_a
Delhi
_b
CBS Pub
_c
2001
300
_a
516
650
_a
EOES
856
_u
EOES ( 14 )
999
_c
1113
_d
1113